<?xml version="1.0" encoding="UTF-8"?>
<marc:record xmlns:marc="http://www.loc.gov/MARC21/slim">
   <marc:leader>00000nam a2200000 a 4500</marc:leader>
   <marc:datafield ind1="1" ind2=" " tag="100">
      <marc:subfield code="a">Belvaux, Lucas</marc:subfield>
      <marc:subfield code="4">aut</marc:subfield>
      <marc:subfield code="e">Verfasser/-in</marc:subfield>
   </marc:datafield>
   <marc:datafield ind1="1" ind2=" " tag="100">
      <marc:subfield code="a">Dequenne, Emilie</marc:subfield>
   </marc:datafield>
   <marc:datafield ind1="1" ind2=" " tag="100">
      <marc:subfield code="a">Dussollier, Andre</marc:subfield>
   </marc:datafield>
   <marc:datafield ind1=" " ind2=" " tag="653">
      <marc:subfield code="a">Nordfrankreich</marc:subfield>
   </marc:datafield>
   <marc:datafield ind1=" " ind2=" " tag="653">
      <marc:subfield code="a">Krankenpflegerin</marc:subfield>
   </marc:datafield>
   <marc:datafield ind1=" " ind2=" " tag="653">
      <marc:subfield code="a">ultrarechte Partei</marc:subfield>
   </marc:datafield>
   <marc:datafield ind1=" " ind2=" " tag="653">
      <marc:subfield code="a">Anerkennung und Macht</marc:subfield>
   </marc:datafield>
   <marc:datafield ind1=" " ind2=" " tag="653">
      <marc:subfield code="a">Wahlkampf</marc:subfield>
   </marc:datafield>
   <marc:datafield ind1=" " ind2=" " tag="653">
      <marc:subfield code="a">Über Populismus</marc:subfield>
   </marc:datafield>
   <marc:datafield ind1=" " ind2=" " tag="653">
      <marc:subfield code="a">Vertrauensmissbrauch</marc:subfield>
   </marc:datafield>
   <marc:datafield ind1="0" ind2="0" tag="245">
      <marc:subfield code="a">Das ist unser Land!</marc:subfield>
   </marc:datafield>
   <marc:datafield ind1="0" ind2="0" tag="245">
      <marc:subfield code="b">Ein Film von Lucas Belvaux</marc:subfield>
   </marc:datafield>
   <marc:datafield ind1="0" ind2="0" tag="245">
      <marc:subfield code="c">Lucas Belvaux</marc:subfield>
   </marc:datafield>
   <marc:datafield ind1=" " ind2="1" tag="264">
      <marc:subfield code="b">Almode Film</marc:subfield>
      <marc:subfield code="c">2017</marc:subfield>
   </marc:datafield>
   <marc:datafield ind1="1" ind2=" " tag="520">
      <marc:subfield code="a">Pauline (Émilie Dequenne) arbeitet als Krankenschwester in einer Kleinstadt im strukturschwachen Norden Frankreichs. Sie kümmert sich um ihren Vater und zieht ihre beiden Kinder alleine groß. Sympathisch und aufopferungsvoll wie sie ist, wird sie von allen gemocht. Ihre Glaubwürdigkeit will sich eine aufstrebende nationalistische Partei zu Nutze machen und wirbt sie als Kandidatin für die kommenden Bürgermeisterwahlen an. Der charismatische Arzt Dr. Berthier (André Dussollier) umschmeichelt Pauline und überredet sie zu kandidieren. In ihrem Beruf täglich mit sozialen Missständen konfrontiert, lässt sie sich von seinen populistischen Ansichten mitreißen, in der Hoffnung, in der Lokalpolitik etwas bewirken zu können. Ihr sozialistisch geprägter Vater ist bestürzt über den Gesinnungswandel seiner Tochter. Und diese muss bald erkennen, dass sie nur als hübsches Gesicht der landesweiten Wahlkampagne von Parteichefin Agnès Dorgelle (Catherine Jacob) dienen soll. Regisseur Lucas Belvaux (LÖSEGELD) legt in seinem spannend inszenierten Politdrama die Arbeitsmethoden rechtsextremer Parteien offen und zeigt wie sich anständige, engagierte Menschen allzu leicht vom Populismus einnehmen lassen. (Verlagstext)</marc:subfield>
   </marc:datafield>
   <marc:datafield ind1=" " ind2=" " tag="020">
      <marc:subfield code="a">9782564180343</marc:subfield>
      <marc:subfield code="9">9782564180343</marc:subfield>
   </marc:datafield>
   <marc:datafield ind1=" " ind2=" " tag="338">
      <marc:subfield code="a">Videodisk</marc:subfield>
   </marc:datafield>
   <marc:datafield ind1=" " ind2=" " tag="300">
      <marc:subfield code="a">ca. 114 min.</marc:subfield>
   </marc:datafield>
</marc:record>
